The new book of knowledge (Record no. 3471)
[ view plain ]
| 000 -LEADER | |
|---|---|
| fixed length control field | 00551nam a22001817a 4500 |
| 003 - CONTROL NUMBER IDENTIFIER | |
| control field | URS |
| 005 - DATE AND TIME OF LATEST TRANSACTION | |
| control field | 20220114142522.0 |
| 008 - FIXED-LENGTH DATA ELEMENTS--GENERAL INFORMATION | |
| fixed length control field | 191209s2006 a|||| |||| 00| 0 eng d |
| 020 ## - INTERNATIONAL STANDARD BOOK NUMBER | |
| International Standard Book Number | 0717205401 |
| 040 ## - CATALOGING SOURCE | |
| Transcribing agency | URS |
| Language of cataloging | eng |
| Modifying agency | rda |
| 050 14 - LIBRARY OF CONGRESS CALL NUMBER | |
| Classification number | AG 5 |
| Item number | .B7241 2006 |
| 245 04 - TITLE STATEMENT | |
| Title | The new book of knowledge |
| 260 ## - PUBLICATION, DISTRIBUTION, ETC. | |
| Place of publication, distribution, etc. | U.S.A: |
| Name of publisher, distributor, etc. | Scholastic Library Publishing Incorporation; |
| Date of publication, distribution, etc. | [2006] |
| 300 ## - PHYSICAL DESCRIPTION | |
| Extent | 617 pages: |
| Other physical details | with illustration; |
| Dimensions | 26 cm. |
| 504 ## - BIBLIOGRAPHY, ETC. NOTE | |
| Bibliography, etc. note | Includes Bibliographical References |
| 650 ## - SUBJECT ADDED ENTRY--TOPICAL TERM | |
| Topical term or geographic name entry element | Children's Encyclopedias and Dictionaries |
| 942 ## - ADDED ENTRY ELEMENTS (KOHA) | |
| Source of classification or shelving scheme | Library of Congress Classification |
| Koha item type | Reference |
| Withdrawn status | Source of classification or shelving scheme | Damaged status | Not for loan | Collection code | Home library | Current library | Shelving location | Date acquired | Total Checkouts | Full call number | Barcode | Date last seen | Price effective from | Koha item type |
|---|---|---|---|---|---|---|---|---|---|---|---|---|---|---|
| Library of Congress Classification | Non-fiction | Cainta College Library | Cainta College Library | On Display | 02/01/2018 | AG5.B7241 2006 | URSCAI-2490 | 02/01/2018 | 02/01/2018 | Reference | ||||
| Library of Congress Classification | Non-fiction | Cainta College Library | Cainta College Library | On Display | 02/01/2018 | AG5.B7241 2006 | URSCAI-2491 | 02/01/2018 | 02/01/2018 | Reference | ||||
| Library of Congress Classification | Non-fiction | Cainta College Library | Cainta College Library | On Display | 02/01/2018 | AG5.B7241 2006 | URSCAI-2492 | 02/01/2018 | 02/01/2018 | Reference | ||||
| Library of Congress Classification | Non-fiction | Cainta College Library | Cainta College Library | On Display | 02/01/2018 | AG5.B7241 2006 | URSCAI-2493 | 02/01/2018 | 02/01/2018 | Reference | ||||
| Library of Congress Classification | Non-fiction | Cainta College Library | Cainta College Library | On Display | 02/01/2018 | AG5.B7241 2006 | URSCAI-2494 | 02/01/2018 | 02/01/2018 | Reference | ||||
| Library of Congress Classification | Non-fiction | Cainta College Library | Cainta College Library | On Display | 02/01/2018 | AG5.B7241 2006 | URSCAI-2495 | 02/01/2018 | 02/01/2018 | Reference | ||||
| Library of Congress Classification | Non-fiction | Cainta College Library | Cainta College Library | On Display | 02/01/2018 | AG5.B7241 2006 | URSCAI-2496 | 02/01/2018 | 02/01/2018 | Reference | ||||
| Library of Congress Classification | Non-fiction | Cainta College Library | Cainta College Library | On Display | 02/01/2018 | AG5.B7241 2006 | URSCAI-2497 | 02/01/2018 | 02/01/2018 | Reference | ||||
| Library of Congress Classification | Non-fiction | Cainta College Library | Cainta College Library | On Display | 02/01/2018 | AG5.B7241 2006 | URSCAI-2498 | 02/01/2018 | 02/01/2018 | Reference | ||||
| Library of Congress Classification | Non-fiction | Cainta College Library | Cainta College Library | On Display | 02/01/2018 | AG5.B7241 2006 | URSCAI-2499 | 02/01/2018 | 02/01/2018 | Reference | ||||
| Library of Congress Classification | Non-fiction | Cainta College Library | Cainta College Library | On Display | 02/01/2018 | AG5.B7241 2006 | URSCAI-2500 | 02/01/2018 | 02/01/2018 | Reference | ||||
| Library of Congress Classification | Non-fiction | Cainta College Library | Cainta College Library | On Display | 02/01/2018 | AG5.B7241 2006 | URSCAI-2501 | 02/01/2018 | 02/01/2018 | Reference | ||||
| Library of Congress Classification | Non-fiction | Cainta College Library | Cainta College Library | On Display | 02/01/2018 | AG5.B7241 2006 | URSCAI-2502 | 02/01/2018 | 02/01/2018 | Reference | ||||
| Library of Congress Classification | Non-fiction | Cainta College Library | Cainta College Library | On Display | 02/01/2018 | AG5.B7241 2006 | URSCAI-2503 | 02/01/2018 | 02/01/2018 | Reference | ||||
| Library of Congress Classification | Non-fiction | Cainta College Library | Cainta College Library | On Display | 02/01/2018 | AG5.B7241 2006 | URSCAI-2504 | 02/01/2018 | 02/01/2018 | Reference | ||||
| Library of Congress Classification | Non-fiction | Cainta College Library | Cainta College Library | On Display | 02/01/2018 | AG5.B7241 2006 | URSCAI-2505 | 02/01/2018 | 02/01/2018 | Reference | ||||
| Library of Congress Classification | Non-fiction | Cainta College Library | Cainta College Library | On Display | 02/01/2018 | AG5.B7241 2006 | URSCAI-2506 | 02/01/2018 | 02/01/2018 | Reference | ||||
| Library of Congress Classification | Non-fiction | Cainta College Library | Cainta College Library | On Display | 02/01/2018 | AG5.B7241 2006 | URSCAI-2507 | 02/01/2018 | 02/01/2018 | Reference | ||||
| Library of Congress Classification | Non-fiction | Cainta College Library | Cainta College Library | On Display | 02/01/2018 | AG5.B7241 2006 | URSCAI-2508 | 02/01/2018 | 02/01/2018 | Reference | ||||
| Library of Congress Classification | Non-fiction | Cainta College Library | Cainta College Library | On Display | 02/01/2018 | AG5.B7241 2006 | URSCAI-2509 | 02/01/2018 | 02/01/2018 | Reference | ||||
| Library of Congress Classification | Non-fiction | Cainta College Library | Cainta College Library | On Display | 02/01/2018 | AG5.B7241 2006 | URSCAI-2510 | 02/01/2018 | 02/01/2018 | Reference |